West Ham - Tous les joueurs (2010-2020) - Statistiques

Statistiques générales
  • Ce quiz a été pris 151 fois
  • Le résultat moyen est 24 sur 138
Statistiques - réponses
Saisons Nationalité Joueur Nb de matchs % Correct
2015-2020 Jamaïque Michail Antonio 133
77%
2010-2020 Angleterre Mark Noble 325
72%
2015-2017 France Dimitri Payet 48
71%
2016-2020 Angleterre Declan Rice 99
67%
2015-2020 Italie Angelo Ogbonna 135
66%
2015-2020 Argentine Manuel Lanzini 122
57%
2014-2020 Angleterre Aaron Cresswell 188
56%
2018-2020 Pologne Lukasz Fabianski 63
55%
2018-2020 Ukraine Andriy Yarmolenko 32
52%
2019-2020 Rép. Tchèque Tomas Soucek 13
51%
2012-2019 Angleterre Andy Carroll 126
47%
2019-2020 Angleterre Jarrod Bowen 13
47%
2010-2018 Nouvelle-Zélande Winston Reid 194
47%
2016-2020 Rép. dém. du Congo Arthur Masuaku 80
46%
2018-2020 France Issa Diop 65
45%
2011-2012 Sénégal Papa Bouba Diop 16
45%
2010-2011 Sénégal Demba Ba 12
42%
2019-2020 Espagne Pablo Fornals 36
41%
2014-2018 Sénégal Cheikhou Kouyaté 129
40%
2017-2020 Mexique Javier Hernandez 55
38%
2014-2017 Equateur Enner Valencia 54
34%
2017-2019 Autriche Marko Arnautovic 59
34%
2015-2019 Guinée Equatoriale Pedro Obiang 91
34%
2019-2020 Côte d'Ivoire Sébastien Haller 32
32%
2011-2013 Angleterre Robert Hall 4
31%
2018-2020 Angleterre Ben Johnson 4
29%
2013-2014 Angleterre Roger Johnson 4
29%
2018-2020 Brésil Felipe Anderson 61
28%
2017-2020 Argentine Pablo Zabaleta 73
27%
2011-2015 Portugal Ricardo Vaz Tê 51
27%
2018-2019 France Samir Nasri 5
27%
2016-2018 Ghana André Ayew 43
26%
2018-2020 Angleterre Ryan Fredericks 42
24%
2010-2015 Angleterre Carlton Cole 151
22%
2015-2017, 2019-2020 Irlande Darren Randolph 30
22%
2014-2018 Sénégal Diafra Sakho 62
22%
2018-2020 Paraguay Fabian Balbuena 40
22%
2012-2014 Angleterre Joe Cole 31
22%
2017-2018 Angleterre Joe Hart 19
22%
2013-2018 Espagne Adrian 125
21%
2010-2011 Irlande Robbie Keane 9
21%
2016-2017 Algérie Sofiane Feghouli 21
21%
2012-2013 Israël Yossi Benayoun 6
20%
2018-2020 Colombie Carlos Sanchez 13
19%
2017-2018 France Patrice Evra 5
19%
2016-2018 Suisse Edimilson Fernandes 42
18%
2019-2020 Angleterre David Martin 5
17%
2016-2017, 2018-2020 Ecosse Robert Snodgrass 72
17%
2015-2016 Nigeria Victor Moses 21
17%
2018-2020 Angleterre Jack Wilshere 16
16%
2014-2016 Cameroun Alex Song 40
15%
2016-2017 Angleterre Ashley Fletcher 16
15%
2011-2012 Pays de Galles Danny Collins 11
14%
2016-2017 Turquie Gökhan Töre 5
14%
2012-2018 Pays de Galles James Collins 134
14%
2011-2016 Angleterre Kevin Nolan 141
14%
2018-2019 Espagne Lucas Perez 15
13%
2016-2017 Italie Simone Zaza 8
13%
2012-2014 France Alou Diarra 6
12%
2010-2012 France Julien Faubert 43
11%
2012-2014, 2015-2016 Sénégal Modibo Maïga 34
11%
2010-2012 Angleterre Scott Parker 36
11%
2016-2018 Portugal José Fonte 24
10%
2012-2015 Sénégal Mohamed Diamé 71
10%
2010-2012 Angleterre Robert Green 79
10%
2014-2016 Angleterre Carl Jenkinson 52
9%
2011-2015 Côte d'Ivoire Guy Demel 76
9%
2016-2017 Norvège Havard Nordtveit 16
9%
2010-2016 Angleterre James Tomkins 167
9%
2011-2015 Irlande Joey O'Brien 91
9%
2012-2015 Finlande Jussi Jääskeläinen 57
9%
2010-2011 Portugal Luis Boa Morte 22
9%
2012-2013 Maroc Marouane Chamakh 3
9%
2014-2016 Argentine Mauro Zarate 22
9%
2014-2015 France Morgan Amalfitano 24
9%
2015-2018 Angleterre Sam Byram 27
9%
2010-2011 Suisse Valon Behrami 7
9%
2018-2019 Portugal Xande Silva 1
9%
2019-2020 Suisse Albian Ajeti 9
8%
2010-2014 Pays de Galles Jack Collison 61
8%
2019-2020 Angleterre Jeremy Ngakia 5
8%
2011-2012 Norvège John Carew 19
8%
2012-2016 Angleterre Matt Jarvis 78
8%
2016-2017 Espagne Alvaro Arbeloa 3
7%
2010-2011 Afrique du Sud Benni McCarthy 6
7%
2015-2016 Nigeria Emmanuel Emenike 13
7%
2018-2019 Angleterre Grady Diangana 17
7%
2017-2018 Portugal Joao Mario 13
7%
2011-2014 Angleterre Matthew Taylor 76
7%
2011-2012, 2013-2015 Angleterre Ravel Morrison 18
7%
2015-2016, 2017-2018 Angleterre Reece Oxford 8
7%
2013-2015 Angleterre Stewart Downing 69
7%
2010-2011 Israël Tal Ben Haim 8
7%
2019-2020 Angleterre Nathan Holland 2
6%
2014-2015 Angleterre Reece Burke 5
6%
2010-2011 Belgique Ruud Boffin 1
6%
2010-2011 Angleterre Wayne Bridge 15
6%
2013-2015 Angleterre Elliot Lee 2
5%
2010-2013 Angleterre Gary O'Neil 48
5%
2011-2014 Irlande du Nord George McCartney 72
5%
2010-2011, 2012-2013 Angleterre Jordan Spence 6
5%
2010-2011 Maroc Manuel da Costa 16
5%
2010-2011 Angleterre Matthew Upson 30
5%
2015-2016 Croatie Nikica Jelavic 13
5%
2010-2011 Rép. Tchèque Radoslav Kovac 13
5%
2010-2011 Allemagne Thomas Hitzlsperger 11
5%
2010-2011 Italie Alessandro Diamanti 1
4%
2010-2011 Pays de Galles Danny Gabbidon 26
4%
2014-2015 Uruguay Diego Poyet 3
4%
2010-2012 France Frédéric Piquionne 54
4%
2010-2012 Rép. dém. du Congo Hérita Ilunga 15
4%
2010-2012 Angleterre Junior Stanislas 7
4%
2010-2011 Danemark Lars Jacobsen 24
4%
2013-2014 Colombie Pablo Armero 5
4%
2019-2020 Espagne Roberto 8
4%
2010-2011 Nigeria Victor Obinna 25
4%
2010-2011 Angleterre Zavon Hines 9
4%
2013-2014 Italie Antonio Nocerino 10
3%
2011-2013 Angleterre Dan Potts 5
3%
2011-2012 Angleterre David Bentley 5
3%
2012-2013 Autriche Emanuel Pogatetz 6
3%
2010-2012 Angleterre Frank Nouble 5
3%
2010-2012 Angleterre Freddie Sears 21
3%
2011-2012 Angleterre Henri Lansbury 22
3%
2016-2017 Argentine Jonathan Calleri 16
3%
2010-2011 Etats-Unis Jonathan Spector 14
3%
2017-2018 Angleterre Jordan Hugill 3
3%
2015-2016, 2017-2018 Irlande Josh Cullen 3
3%
2010-2011 Angleterre Kieron Dyer 11
3%
2014-2015 Brésil Nenê 8
3%
2011-2012 Angleterre Nicky Maynard 14
3%
2010-2012 Mexique Pablo Barrera 15
3%
2013-2014 Roumanie Razvan Rat 15
3%
2011-2012 Sénégal Abdoulaye Faye 29
2%
2011-2012 Espagne Manuel Almunia 4
2%
2013-2014 Italie Marco Borriello 2
2%
2013-2014 Croatie Mladen Petric 3
2%
2011-2012 Angleterre Sam Baldock 23
2%
Aucun quiz correspondant
Distribution des résultats
% des personnes avec chaque résultat
Percentile par nombre de réponses
Votre historique - résultats
Vous n’avez pas pris ce quiz